Score 0/19 Timer 05:00
1 Play Today
% Correct
Juliet Capulet
95.5%
Scarlett O'Hara
92.3%
Anna Oblonskaya
82.5%
Jane Eyre
82.4%
Meg March
79.7%
Daisy Fay
78.9%
Fleur Delacour
76.6%
Miss Havisham
68.4%
Catherine Earnshaw
64.5%
Celie
55%
% Correct
Rose Cotton
50.2%
Emma Rouault
46.1%
Annie Cresta
41.2%
Anne Shirley
37.5%
Dorothea Brooke
26.6%
Cathy Ames
25.1%
Fanny Robin
22.3%
May Welland
21.8%
Dinah Morris
12.3%
Remove Ads.
Support Sporcle.
Get the best of Sporcle when you Go Orange. This ad-free experience offers more features, more stats, and more fun while also helping to support Sporcle. Thank you for becoming a member.

You're not logged in!

Compare scores with friends on all Sporcle quizzes.
OR
Log In

Show Comments

Extras

Top Quizzes Today


Score Distribution

Your Account Isn't Verified!

In order to create a playlist on Sporcle, you need to verify the email address you used during registration. Go to your Sporcle Settings to finish the process.

Report this User

Report this user for behavior that violates our Community Guidelines.

Details: